000 00885nam a2200241 i 4500
001 179128
003 ES-MaACL
005 20230918135332.0
008 110915s2010 sp |||| |dspa d
020 _a978-84-936679-9-3
080 _a821.133.1-31"17"
100 1 _aPelleport, Anne-Gédéon Laffitte de.
_9147939
245 1 4 _aLos bohemios /
_cAnne Gédéon Lafitte, Marqués de Pelleport ; traducción de Gabriel Hormaechea ; introducción de Robert Darnton ; notas de Robert Darnton y Vivian Folkenflik.
250 _a1ª ed. en Papel de Liar.
260 _aBarcelona :
_bPapel de Liar,
_c2010.
300 _a289 p. ;
_c22 cm.
700 1 _aDarnton, Robert.
_942744
700 1 _aFolkenflik, Vivian.
_9147940
700 1 _aHormaechea, Gabriel.
_9147941
852 _aES-MaACL
_9186000
_bR.146000
_dOlim: N-4520
_jA-11516
_cDEPO1
942 _2udc
999 _c179128
_d179128